[Event "Oberliga Ost B 2017 2018"]
[Site "Germany"]
[Date "2018.02.03"]
[Round "6.4"]
[White "Nazarenus, Moritz"]
[Black "Dorst, Johannes"]
[Result "0-1"]
[WhiteElo "2241"]
[BlackElo "2207"]
[PlyCount "120"]
[EventDate "2017.10.22"]
[EventType "team-tourn"]
[EventCountry "GER"]
[WhiteTeam "Schoeneck SF"]
[BlackTeam "Marburg SK"]
[WhiteTeamCountry "GER"]
[BlackTeamCountry "GER"]

1. d4 Nf6 2. c4 c5 3. d5 b5 4. cxb5 a6 5. f3 g6 6. e4 Bg7 7. Nh3 axb5 8. e5 Ng8
9. f4 Nh6 10. Bxb5 O-O 11. O-O d6 12. Nc3 Bxh3 13. gxh3 Qc8 14. Qd3 Nf5 15. Re1
Nd7 16. Bxd7 Qxd7 17. b3 Rfb8 18. Bb2 c4 19. Qxc4 Qa7+ 20. Kh1 Qf2 21. Qe2 Qxf4
22. e6 fxe6 23. Qxe6+ Kh8 24. Qe2 Nd4 25. Qg2 Nf5 26. Re4 Qh6 27. Na4 Ra5 28.
Rd1 Rf8 29. Bc1 Rxd5 30. Rde1 Qh5 31. Qg4 Rd3 32. Qxh5 gxh5 33. Bg5 e5 34. Rc4
d5 35. Rc3 Rxc3 36. Nxc3 h6 37. Bc1 Ne7 38. Ba3 Rc8 39. Na4 Nf5 40. Nb6 Rd8 41.
Bb2 Rd6 42. Na4 e4 43. Ba3 Rg6 44. Bc1 Rc6 45. Bf4 Rc2 46. Nb6 Ne7 47. a4 Rb2
48. Bd6 Rxb3 49. a5 Nf5 50. Bc7 Bc3 51. Rf1 Ne7 52. Bd6 Bxa5 53. Be5+ Kg8 54.
Nd7 Rf3 55. Ra1 Bc3 56. Ra8+ Kf7 57. Bg3 Ng6 58. Kg2 h4 59. Bb8 Bd4 60. Ra7 Ke6
0-1

[Event "Oberliga Ost B 2017 2018"]
[Site "Germany"]
[Date "2018.02.03"]
[Round "6.5"]
[White "Rolle, Eric"]
[Black "Schaack, Harry"]
[Result "1/2-1/2"]
[WhiteElo "2196"]
[BlackElo "2207"]
[PlyCount "24"]
[EventDate "2017.10.22"]
[EventType "team-tourn"]
[EventCountry "GER"]
[WhiteTeam "Marburg SK"]
[BlackTeam "Schoeneck SF"]
[WhiteTeamCountry "GER"]
[BlackTeamCountry "GER"]

1. c4 Nf6 2. Nf3 g6 3. Nc3 Bg7 4. e4 d6 5. d4 O-O 6. Be2 e5 7. O-O Nc6 8. d5
Ne7 9. b4 a5 10. bxa5 Nd7 11. Nd2 Rxa5 12. Nb3 Ra8 1/2-1/2

[Event "Oberliga Ost B 2017 2018"]
[Site "Germany"]
[Date "2018.02.03"]
[Round "6.7"]
[White "Foermes, Alexander"]
[Black "Meyer, Kai Christian"]
[Result "0-1"]
[WhiteElo "2066"]
[BlackElo "2158"]
[PlyCount "88"]
[EventDate "2017.10.22"]
[EventType "team-tourn"]
[EventCountry "GER"]
[WhiteTeam "Marburg SK"]
[BlackTeam "Schoeneck SF"]
[WhiteTeamCountry "GER"]
[BlackTeamCountry "GER"]

1. c4 Nf6 2. g3 g6 3. Bg2 Bg7 4. Nc3 O-O 5. e4 d6 6. Nge2 c5 7. d3 Nc6 8. O-O
Rb8 9. h3 a6 10. a4 Ne8 11. Be3 Nd4 12. Rb1 Nxe2+ 13. Nxe2 b5 14. cxb5 axb5 15.
axb5 Bd7 16. d4 Bxb5 17. Re1 Bxe2 18. Rxe2 cxd4 19. Bxd4 Bxd4 20. Qxd4 e5 21.
Qd3 Nc7 22. Rd2 Nb5 23. f4 Nd4 24. Kh2 Rb3 25. Qc4 Qb6 26. Qd5 Rb5 27. Qc4 Rc5
28. Qa4 Rfc8 29. Rxd4 exd4 30. Qxd4 Rb5 31. Qd2 Rb8 32. b3 Qc5 33. Rd1 Rxb3 34.
Qxd6 Qxd6 35. Rxd6 Rb2 36. e5 Re2 37. Rd1 Rbb2 38. Rg1 h5 39. Kh1 Kf8 40. Kh2
Ke7 41. Kh1 Ke6 42. Kh2 Kf5 43. Kh1 Rf2 44. Kh2 h4 0-1

[Event "Oberliga Ost B 2017 2018"]
[Site "Germany"]
[Date "2018.02.03"]
[Round "6.8"]
[White "Weiss, Matthias"]
[Black "Heiling, Thomas"]
[Result "0-1"]
[WhiteElo "2063"]
[BlackElo "2217"]
[PlyCount "110"]
[EventDate "2017.10.22"]
[EventType "team-tourn"]
[EventCountry "GER"]
[WhiteTeam "Schoeneck SF"]
[BlackTeam "Marburg SK"]
[WhiteTeamCountry "GER"]
[BlackTeamCountry "GER"]

1. e4 e6 2. d4 d5 3. Nd2 c5 4. exd5 Qxd5 5. Ngf3 cxd4 6. Bc4 Qd6 7. O-O Nc6 8.
Nb3 Nf6 9. Nbxd4 Nxd4 10. Qxd4 Qxd4 11. Nxd4 a6 12. Be2 e5 13. Nb3 Be7 14. Re1
Bf5 15. Bd1 O-O-O 16. Bd2 e4 17. Ba5 Rd5 18. c4 Rxa5 19. Nxa5 Bb4 20. Nxb7 Kxb7
21. Rf1 Rd8 22. a3 Bd2 23. Be2 Ng4 24. h3 Ne5 25. Rfd1 Be6 26. b3 f5 27. Ra2 e3
28. fxe3 Bxe3+ 29. Kf1 Rxd1+ 30. Bxd1 f4 31. Bc2 h5 32. Be4+ Kb6 33. Ra1 Kc5
34. Rd1 Bd4 35. Bb7 a5 36. Ba6 Bb2 37. Rd8 Bxa3 38. Bc8 Bf7 39. Bf5 g5 40. Rc8+
Kd4 41. Rb8 Kc3 42. Rb5 Nxc4 43. Kg1 Be8 44. bxc4 Bxb5 45. cxb5 Bc5+ 46. Kf1 a4
47. Ke2 a3 48. Be6 g4 49. hxg4 hxg4 50. Bd5 Bb6 51. Be6 Kb2 52. Kd3 a2 53. Bxa2
Kxa2 54. Ke4 f3 55. gxf3 g3 0-1

[Event "Oberliga Ost B 2017 2018"]
[Site "Germany"]
[Date "2018.02.03"]
[Round "6.1"]
[White "Dubiel, Jacek"]
[Black "Lubbe, Nikolas"]
[Result "1-0"]
[WhiteElo "2429"]
[BlackElo "2515"]
[PlyCount "73"]
[EventDate "2017.10.22"]
[EventType "team-tourn"]
[EventCountry "GER"]
[WhiteTeam "Oberursel SV"]
[BlackTeam "Neuberg SF"]
[WhiteTeamCountry "GER"]
[BlackTeamCountry "GER"]

1. e4 c5 2. Nf3 Nc6 3. c3 d5 4. exd5 Qxd5 5. d4 Bg4 6. Be2 e6 7. h3 Bh5 8. c4
Qd6 9. d5 Bxf3 10. Bxf3 Nd4 11. Be3 e5 12. Nc3 f5 13. O-O a6 14. Re1 Be7 15.
Na4 e4 16. Bxd4 cxd4 17. Qxd4 Bf6 18. Qd2 Ne7 19. Bh5+ g6 20. Be2 Kf8 21. Rad1
Kg7 22. c5 Qe5 23. f4 exf3 24. Bxf3 Qg3 25. Qf2 Qxf2+ 26. Kxf2 f4 27. Re4 g5
28. Rb4 Rab8 29. Nb6 Rhd8 30. Bg4 h5 31. Be6 Nc6 32. dxc6 Rxd1 33. c7 Re8 34.
c8=Q Rd2+ 35. Kf3 Rxc8 36. Bxc8 Bd4 37. Rxd4 1-0

[Event "Oberliga Ost B 2017 2018"]
[Site "Germany"]
[Date "2018.02.03"]
[Round "6.2"]
[White "Lubbe, Melanie"]
[Black "Heinz, Axel"]
[Result "0-1"]
[WhiteElo "2286"]
[BlackElo "2435"]
[PlyCount "128"]
[EventDate "2017.10.22"]
[EventType "team-tourn"]
[EventCountry "GER"]
[WhiteTeam "Neuberg SF"]
[BlackTeam "Oberursel SV"]
[WhiteTeamCountry "GER"]
[BlackTeamCountry "GER"]

1. e4 e5 2. Nf3 Nc6 3. d4 exd4 4. Nxd4 Nf6 5. Nxc6 bxc6 6. e5 Qe7 7. Qe2 Nd5 8.
c4 Ba6 9. Nd2 g6 10. Nf3 Bg7 11. Bg5 Qb4+ 12. Qd2 Qxd2+ 13. Bxd2 Nb6 14. b3 c5
15. O-O-O Bb7 16. Bd3 O-O-O 17. Rhe1 Rde8 18. Be4 f6 19. Bxb7+ Kxb7 20. exf6
Bxf6 21. Ng5 Bd4 22. f3 Kc6 23. Kc2 Nc8 24. Kd3 Nd6 25. b4 h6 26. b5+ Kb6 27.
Ne4 Nf7 28. f4 g5 29. g3 gxf4 30. gxf4 Rhg8 31. a4 c6 32. Bc3 d5 33. cxd5 cxd5
34. Nf6 Bxf6 35. Bxf6 Nd6 36. Be5 Ne4 37. Ke3 Nc3 38. Ra1 d4+ 39. Kf3 Re7 40.
Rec1 Rf8 41. Re1 Rfe8 42. h4 Ka5 43. h5 Kb4 44. Rg1 Rf7 45. Rae1 Kxa4 46. Rg6
Kxb5 47. Rxh6 Nd5 48. Rb1+ Kc4 49. Rc1+ Kd3 50. Kg3 Nc3 51. Kg4 Ne4 52. Rg6 Ke2
53. Rc2+ Ke3 54. Ra6 d3 55. Ra3 Rg8+ 56. Kh4 Nd2 57. Rxc5 Nf3+ 58. Kh3 Rf5 59.
Bd6 Ng1+ 60. Kh2 Nf3+ 61. Kh3 Kf2 62. Ra2+ d2 63. Rxd2+ Nxd2 64. Rxf5 Rg3+ 0-1

[Event "Oberliga Ost B 2017 2018"]
[Site "Germany"]
[Date "2018.02.03"]
[Round "6.3"]
[White "Schlamp, Robert"]
[Black "Kuenstler, Christian"]
[Result "1-0"]
[WhiteElo "2297"]
[BlackElo "2274"]
[PlyCount "57"]
[EventDate "2017.10.22"]
[EventType "team-tourn"]
[EventCountry "GER"]
[WhiteTeam "Oberursel SV"]
[BlackTeam "Neuberg SF"]
[WhiteTeamCountry "GER"]
[BlackTeamCountry "GER"]

1. e4 e6 2. d3 d5 3. Nd2 c5 4. Ngf3 Nf6 5. g3 Nc6 6. Bg2 g6 7. O-O Bg7 8. exd5
Nxd5 9. Nc4 O-O 10. a4 e5 11. Re1 Re8 12. a5 Rb8 13. Ng5 f5 14. f4 h6 15. Nh3
Ndb4 16. fxe5 g5 17. Be3 Nxe5 18. Bxc5 Nxc4 19. Rxe8+ Qxe8 20. dxc4 Nc6 21. c3
Be6 22. Qe2 Ne5 23. b3 Ng4 24. Re1 Bf7 25. Qxe8+ Bxe8 26. Bxa7 Bxc3 27. Bxb8
Bxe1 28. Bc7 Bc3 29. Bb6 1-0

[Event "Oberliga Ost B 2017 2018"]
[Site "Germany"]
[Date "2018.02.03"]
[Round "6.4"]
[White "Sergin, Mark"]
[Black "Haubt, Georg"]
[Result "1/2-1/2"]
[WhiteElo "2192"]
[BlackElo "2183"]
[PlyCount "140"]
[EventDate "2017.10.22"]
[EventType "team-tourn"]
[EventCountry "GER"]
[WhiteTeam "Neuberg SF"]
[BlackTeam "Oberursel SV"]
[WhiteTeamCountry "GER"]
[BlackTeamCountry "GER"]

1. e4 e5 2. Nf3 Nf6 3. Nxe5 d6 4. Nf3 Nxe4 5. Nc3 d5 6. Qe2 Be7 7. Nxe4 dxe4 8.
Qxe4 O-O 9. Bc4 Bd6 10. O-O Re8 11. Qd5 Be6 12. Qb5 Nc6 13. Bxe6 Rxe6 14. d4
Rg6 15. c3 Qd7 16. Qh5 Re8 17. Re1 Rxe1+ 18. Nxe1 Ne7 19. h3 Nd5 20. Nd3 Qe6
21. Ne5 f6 22. Nf3 f5 23. Bg5 h6 24. Bd2 Qf7 25. Kh1 Re6 26. Qxf7+ Kxf7 27. Re1
Nf6 28. Kg1 Ne4 29. Bc1 c6 30. Kf1 Bc7 31. Nd2 Nd6 32. Rxe6 Kxe6 33. Nb3 Bb6
34. Ke2 Kd5 35. Nd2 c5 36. dxc5 Bxc5 37. f3 g5 38. Kd3 f4 39. Ne4 Nxe4 40.
fxe4+ Ke5 41. b4 Bd6 42. a4 h5 43. Bd2 g4 44. hxg4 hxg4 45. c4 Ke6 46. c5 Be5
47. b5 Kd7 48. Be1 Ke6 49. Bf2 a6 50. Kc4 axb5+ 51. axb5 Bb8 52. Bd4 f3 53.
gxf3 gxf3 54. Kd3 Bf4 55. Bf2 Ke5 56. Be3 Bh2 57. Bd4+ Ke6 58. Kd2 Kd7 59. Bf2
Bf4+ 60. Kd3 Ke6 61. Kd4 Bg5 62. Bg3 Be7 63. Bf2 Bg5 64. Bg3 Be7 65. c6 bxc6
66. bxc6 Bg5 67. c7 Kd7 68. Kd3 Kc8 69. Kd4 f2 70. Bxf2 Kxc7 1/2-1/2

[Event "Oberliga Ost B 2017 2018"]
[Site "Germany"]
[Date "2018.02.03"]
[Round "6.5"]
[White "Oparaugo, Thomas"]
[Black "Lutz, Klaus Juergen"]
[Result "1/2-1/2"]
[WhiteElo "2095"]
[BlackElo "2258"]
[PlyCount "104"]
[EventDate "2017.10.22"]
[EventType "team-tourn"]
[EventCountry "GER"]
[WhiteTeam "Oberursel SV"]
[BlackTeam "Neuberg SF"]
[WhiteTeamCountry "GER"]
[BlackTeamCountry "GER"]

1. e4 d6 2. d4 Nf6 3. Nc3 c6 4. Bg5 Nbd7 5. f4 Qa5 6. Qd2 e5 7. Nf3 Be7 8. Be2
h6 9. Bxf6 Bxf6 10. dxe5 dxe5 11. f5 Be7 12. Nd1 Qb6 13. Bc4 a5 14. c3 Qc5 15.
Bb3 a4 16. Bc2 b6 17. Nf2 Qa5 18. Rd1 Ra7 19. O-O Nf6 20. c4 Nd7 21. Nd3 Qxd2
22. Rxd2 Ra5 23. c5 Nxc5 24. Ndxe5 Bb7 25. Nd4 Nxe4 26. Bxe4 Rxe5 27. Bxc6+
Bxc6 28. Nxc6 Re4 29. f6 gxf6 30. Nxe7 Kxe7 31. Rfd1 Rc8 32. Rd7+ Ke8 33. R1d2
Re2 34. Rd8+ Rxd8 35. Rxe2+ Kf8 36. Kf2 Rd5 37. b4 a3 38. Kf3 Rf5+ 39. Kg3 Rg5+
40. Kf3 Rf5+ 41. Kg3 Rb5 42. Re3 Rxb4 43. Rxa3 Kg7 44. Ra8 Kg6 45. Ra7 f5 46.
a4 Rb3+ 47. Kf4 Ra3 48. Ra6 f6 49. Rxb6 Rxa4+ 50. Kf3 f4 51. Rb5 Rc4 52. Ra5
Rb4 1/2-1/2

[Event "Oberliga Ost B 2017 2018"]
[Site "Germany"]
[Date "2018.02.03"]
[Round "6.6"]
[White "Seifert, Christopher"]
[Black "Haakert, Juergen"]
[Result "1-0"]
[WhiteElo "2290"]
[BlackElo "2312"]
[PlyCount "63"]
[EventDate "2017.10.22"]
[EventType "team-tourn"]
[EventCountry "GER"]
[WhiteTeam "Neuberg SF"]
[BlackTeam "Oberursel SV"]
[WhiteTeamCountry "GER"]
[BlackTeamCountry "GER"]

1. c4 g6 2. Nc3 Bg7 3. g3 c5 4. Bg2 Nc6 5. d3 Nf6 6. e4 O-O 7. Nge2 d6 8. O-O
Rb8 9. h3 a6 10. f4 Ne8 11. Be3 Nd4 12. Rb1 Nc7 13. b4 b5 14. bxc5 dxc5 15. e5
Nce6 16. Ne4 Qc7 17. N2c3 f5 18. Nd5 Qa7 19. Nec3 b4 20. Ne2 a5 21. a3 Nxe2+
22. Qxe2 b3 23. a4 Kf7 24. Nc3 Rb4 25. Qf2 Bb7 26. Bxb7 Qxb7 27. Bxc5 Nxc5 28.
Qxc5 Rd8 29. Nd5 Rxa4 30. Rxb3 Qd7 31. Rfb1 Bf8 32. Nb6 1-0

[Event "Oberliga Ost B 2017 2018"]
[Site "Germany"]
[Date "2018.02.03"]
[Round "6.7"]
[White "Olesiak, Marcin"]
[Black "Koller, Jens"]
[Result "0-1"]
[WhiteElo "2076"]
[BlackElo "2199"]
[PlyCount "48"]
[EventDate "2017.10.22"]
[EventType "team-tourn"]
[EventCountry "GER"]
[WhiteTeam "Oberursel SV"]
[BlackTeam "Neuberg SF"]
[WhiteTeamCountry "GER"]
[BlackTeamCountry "GER"]

1. d4 Nf6 2. Nf3 g6 3. g3 Bg7 4. c4 O-O 5. Bg2 d6 6. Nc3 Nc6 7. O-O a6 8. d5
Na5 9. Nd2 c5 10. Qc2 Rb8 11. Rb1 b5 12. b3 bxc4 13. bxc4 Rxb1 14. Ncxb1 Qb6
15. Bb2 Bf5 16. Qc1 Rb8 17. Ba1 Bxb1 18. Nxb1 Nd7 19. Bxg7 Kxg7 20. f4 Qb2 21.
Bh3 Nf6 22. Bg2 Qxa2 23. Nd2 Rb2 24. Rd1 Rc2 0-1

[Event "Oberliga Ost B 2017 2018"]
[Site "Germany"]
[Date "2018.02.04"]
[Round "7.1"]
[White "Teske, Henrik"]
[Black "Matviishen, Viktor"]
[Result "1/2-1/2"]
[WhiteElo "2471"]
[BlackElo "2433"]
[PlyCount "22"]
[EventDate "2017.10.22"]
[EventType "team-tourn"]
[EventCountry "GER"]
[WhiteTeam "Erfurt SV Empor"]
[BlackTeam "Kasseler SK"]
[WhiteTeamCountry "GER"]
[BlackTeamCountry "GER"]

1. d4 d5 2. c4 c6 3. cxd5 cxd5 4. Nc3 Nf6 5. Bf4 Nc6 6. e3 a6 7. Nf3 Bf5 8. Bd3
Bxd3 9. Qxd3 e6 10. O-O Bd6 11. Bxd6 Qxd6 1/2-1/2

[Event "Oberliga Ost B 2017 2018"]
[Site "Germany"]
[Date "2018.02.04"]
[Round "7.3"]
[White "Michalowski, Peter"]
[Black "Hahn, Markus"]
[Result "1/2-1/2"]
[WhiteElo "2064"]
[BlackElo "2281"]
[PlyCount "30"]
[EventDate "2017.10.22"]
[EventType "team-tourn"]
[EventCountry "GER"]
[WhiteTeam "Erfurt SV Empor"]
[BlackTeam "Kasseler SK"]
[WhiteTeamCountry "GER"]
[BlackTeamCountry "GER"]

1. e4 c5 2. Nf3 Nc6 3. d4 cxd4 4. Nxd4 Nf6 5. Nc3 d6 6. f3 e5 7. Nb3 Be7 8. Be3
O-O 9. Qd2 a5 10. Bb5 Be6 11. Rd1 Na7 12. Be2 Nc6 13. O-O a4 14. Nc1 a3 15. b3
Qa5 1/2-1/2

[Event "Oberliga Ost B 2017 2018"]
[Site "Germany"]
[Date "2018.02.04"]
[Round "7.4"]
[White "Dovzik, Juri"]
[Black "Weishaeutel, Moritz"]
[Result "1-0"]
[WhiteElo "2304"]
[BlackElo "1983"]
[PlyCount "137"]
[EventDate "2017.10.22"]
[EventType "team-tourn"]
[EventCountry "GER"]
[WhiteTeam "Kasseler SK"]
[BlackTeam "Erfurt SV Empor"]
[WhiteTeamCountry "GER"]
[BlackTeamCountry "GER"]

1. d4 Nf6 2. Nf3 d5 3. c4 e6 4. g3 Be7 5. Bg2 O-O 6. O-O dxc4 7. Qc2 a6 8. a4
b6 9. Qxc4 Bb7 10. Bf4 Nd5 11. Bd2 Nd7 12. Nc3 Nxc3 13. bxc3 c5 14. Qb3 Bf6 15.
Rfd1 Rc8 16. Bf4 cxd4 17. cxd4 Qe7 18. Ne1 Bxg2 19. Nxg2 Rfd8 20. Rab1 e5 21.
dxe5 Bxe5 22. Bxe5 Qxe5 23. Ne3 Rb8 24. Rd5 Qe6 25. Qd3 b5 26. axb5 Rxb5 27.
Rbxb5 axb5 28. Qxb5 g6 29. Qd3 Kg7 30. Rd6 Ne5 31. Rxe6 Nxd3 32. Re7 Nc5 33.
Nc4 Rd4 34. Ne3 Ne6 35. Ra7 Rd2 36. Kf1 Nd4 37. Nc4 Rd1+ 38. Kg2 Nxe2 39. Ne5
Kf6 40. Nxf7 Rg1+ 41. Kh3 h5 42. f4 Kf5 43. Ng5 Nxf4+ 44. gxf4 Kxf4 45. Ne6+
Ke5 46. Ng7 Kf6 47. Ne8+ Kf5 48. Rf7+ Ke6 49. Rf2 Ke5 50. Rg2 Rxg2 51. Kxg2 Kf4
52. Ng7 Kg4 53. h3+ Kf4 54. Kf2 Kg5 55. Kg3 Kf6 56. Ne8+ Ke7 57. Nc7 g5 58. Kf2
Kd7 59. Nb5 Ke6 60. Ke3 Ke5 61. Nd4 g4 62. h4 g3 63. Ne2 g2 64. Kf3 Kf5 65. Ng1
Ke5 66. Kxg2 Kf4 67. Kh3 Ke4 68. Kg3 Ke3 69. Nh3 1-0

[Event "Oberliga Ost B 2017 2018"]
[Site "Germany"]
[Date "2018.02.04"]
[Round "7.7"]
[White "Pichl, Michael"]
[Black "Luechtemeier, Peter"]
[Result "1-0"]
[WhiteElo "2049"]
[BlackElo "2188"]
[PlyCount "89"]
[EventDate "2017.10.22"]
[EventType "team-tourn"]
[EventCountry "GER"]
[WhiteTeam "Erfurt SV Empor"]
[BlackTeam "Kasseler SK"]
[WhiteTeamCountry "GER"]
[BlackTeamCountry "GER"]

1. g3 d5 2. Bg2 Nf6 3. Nf3 c6 4. d3 Bg4 5. Nbd2 Nbd7 6. O-O e5 7. e4 Bd6 8. c3
O-O 9. h3 Bh5 10. Qc2 Re8 11. Re1 Qc7 12. Nh4 Rad8 13. Nf1 Bf8 14. b4 d4 15.
Bb2 Qb6 16. cxd4 Bxb4 17. Reb1 exd4 18. Nf5 Qc5 19. Qb3 Bc3 20. Rc1 Qb6 21.
Bxc3 dxc3 22. Qxc3 Bg6 23. Nd6 Re6 24. Rab1 Rxd6 25. Rxb6 axb6 26. f4 Nc5 27.
f5 Rxd3 28. Qe1 Bh5 29. g4 Bxg4 30. hxg4 Nxg4 31. Qh4 Ne5 32. Ng3 f6 33. Nh5
R8d6 34. Nf4 Rd2 35. Ra1 b5 36. Qh5 Nf7 37. Kh1 Rf2 38. Qg4 Rdd2 39. Rg1 Nxe4
40. Ne6 Nfg5 41. Nxg5 Nxg5 42. Qg3 Rxf5 43. Qb8+ Kf7 44. Qxb7+ Kf8 45. Qc8+ 1-0

[Event "Oberliga Ost B 2017 2018"]
[Site "Germany"]
[Date "2018.02.04"]
[Round "7.8"]
[White "Schnegelberger, Leon"]
[Black "Bergmann, Harald"]
[Result "1-0"]
[WhiteElo "1894"]
[BlackElo "1782"]
[PlyCount "35"]
[EventDate "2017.10.22"]
[EventType "team-tourn"]
[EventCountry "GER"]
[WhiteTeam "Kasseler SK"]
[BlackTeam "Erfurt SV Empor"]
[WhiteTeamCountry "GER"]
[BlackTeamCountry "GER"]

1. d4 d5 2. c4 c6 3. Nc3 g6 4. Bf4 Bg7 5. e3 Nf6 6. h3 O-O 7. Nf3 Qb6 8. Qb3
Qa5 9. Bd3 Na6 10. Ne5 Nb4 11. Be2 Ne4 12. a3 Nxc3 13. bxc3 Na6 14. cxd5 Qxd5
15. Bc4 Qxg2 16. Bxf7+ Kh8 17. O-O-O Bf5 18. Rh2 1-0

[Event "Oberliga Ost B 2017 2018"]
[Site "Germany"]
[Date "2018.02.04"]
[Round "7.1"]
[White "Zimmermann, Hendrik"]
[Black "Mueller, Maximilian"]
[Result "1-0"]
[WhiteElo "2175"]
[BlackElo "2313"]
[PlyCount "87"]
[EventDate "2017.10.22"]
[EventType "team-tourn"]
[EventCountry "GER"]
[WhiteTeam "Frankfurt SC Koenig Nied"]
[BlackTeam "Gernsheim SK"]
[WhiteTeamCountry "GER"]
[BlackTeamCountry "GER"]

1. e4 e5 2. Nf3 Nc6 3. Bc4 Bc5 4. c3 Nf6 5. d3 d6 6. Bb3 Bb6 7. Nbd2 Be6 8. O-O
O-O 9. h3 Bxb3 10. axb3 Ne7 11. Nc4 Ng6 12. Re1 Re8 13. Nh2 c6 14. Qf3 d5 15.
Nxb6 Qxb6 16. b4 d4 17. Bg5 Re6 18. h4 h6 19. h5 Nxh5 20. Bxh6 Ngf4 21. Bxf4
Nxf4 22. Ng4 f6 23. g3 Ng6 24. Kg2 Kf7 25. Rh1 Nf8 26. Rh8 Rd8 27. Rah1 c5 28.
Qf5 dxc3 29. bxc3 cxb4 30. cxb4 Qxb4 31. Qh5+ g6 32. Qh7+ Ke8 33. Qxg6+ Kd7 34.
Qf5 Qe7 35. R1h7 Nxh7 36. Rxh7 Qxh7 37. Nxf6+ Kd6 38. Nxh7 b5 39. Ng5 Re7 40.
Nf7+ Rxf7 41. Qxf7 Kc6 42. g4 a5 43. g5 Rd7 44. g6 1-0

[Event "Oberliga Ost B 2017 2018"]
[Site "Germany"]
[Date "2018.02.04"]
[Round "7.4"]
[White "Hebbering, Tom Elliot"]
[Black "Staller, Peter"]
[Result "1-0"]
[WhiteElo "2181"]
[BlackElo "2267"]
[PlyCount "111"]
[EventDate "2017.10.22"]
[EventType "team-tourn"]
[EventCountry "GER"]
[WhiteTeam "Gernsheim SK"]
[BlackTeam "Frankfurt SC Koenig Nied"]
[WhiteTeamCountry "GER"]
[BlackTeamCountry "GER"]

1. d4 Nf6 2. c4 d6 3. Nf3 Nbd7 4. Nc3 e5 5. g3 Be7 6. Bg2 c6 7. e4 O-O 8. O-O
a6 9. Re1 Qc7 10. h3 Re8 11. Be3 Bf8 12. d5 c5 13. Nd2 g6 14. a3 Bg7 15. b4 b6
16. Rb1 Rf8 17. Rb2 Ne8 18. f3 f5 19. g4 f4 20. Bf2 Bf6 21. bxc5 bxc5 22. Qa4
Ra7 23. Reb1 Bd8 24. Qc6 g5 25. Qxc7 Bxc7 26. Na4 Nef6 27. Nb3 Kf7 28. Be1 Rb7
29. Na5 Rxb2 30. Rxb2 Bxa5 31. Bxa5 Ke7 32. Bf1 h5 33. Kg2 hxg4 34. hxg4 Nxg4
35. fxg4 Nf6 36. Be2 Nxg4 37. Bxg4 Bxg4 38. Rb7+ Kf6 39. Bc7 Rf7 40. Bd8+ Kg6
41. Rxf7 Kxf7 42. Bxg5 Be2 43. Nb2 Bh5 44. Na4 Be2 45. Nb6 Ke8 46. a4 Bh5 47.
a5 Bg6 48. Kf3 Bh5+ 49. Kf2 Bg6 50. Bxf4 Bxe4 51. Bg5 Bc2 52. Kg3 Bd3 53. Kh4
Be2 54. Bf6 Kf7 55. Kg5 Bd3 56. Nc8 1-0

[Event "Oberliga Ost B 2017 2018"]
[Site "Germany"]
[Date "2018.02.04"]
[Round "7.5"]
[White "Chandler, Patrick"]
[Black "Nies, Peter"]
[Result "0-1"]
[WhiteElo "2211"]
[BlackElo "2087"]
[PlyCount "100"]
[EventDate "2017.10.22"]
[EventType "team-tourn"]
[EventCountry "GER"]
[WhiteTeam "Frankfurt SC Koenig Nied"]
[BlackTeam "Gernsheim SK"]
[WhiteTeamCountry "GER"]
[BlackTeamCountry "GER"]

1. d4 e6 2. Nf3 Nf6 3. Bf4 c5 4. e3 cxd4 5. exd4 Be7 6. Nbd2 O-O 7. Bd3 b6 8.
Qe2 a5 9. c3 Ba6 10. Nc4 d5 11. Nce5 Bxd3 12. Nxd3 Nbd7 13. O-O Qc8 14. Nd2 Qa6
15. Rfe1 Rfc8 16. h3 Qb7 17. a3 Nf8 18. Bh2 Ng6 19. f4 Bd6 20. Ne5 b5 21. Qd3
b4 22. axb4 axb4 23. c4 dxc4 24. Ndxc4 Bf8 25. Rxa8 Rxa8 26. Kh1 Rd8 27. Qf3
Qxf3 28. Nxf3 Nd5 29. g3 Rc8 30. b3 Ra8 31. Bg1 Ra2 32. Be3 h5 33. h4 Nge7 34.
Bd2 Nf5 35. Kh2 Be7 36. Kh3 Bf6 37. Rd1 Kf8 38. Nce5 Bxe5 39. dxe5 Rb2 40. Ra1
Rxb3 41. Ra8+ Ke7 42. Kg2 Rb2 43. Kg1 Nxg3 44. Be1 Ne2+ 45. Kf1 Nexf4 46. Bd2
f6 47. Ra7+ Kf8 48. Rb7 fxe5 49. Bxf4 exf4 50. Ng5 e5 0-1

[Event "Oberliga Ost B 2017 2018"]
[Site "Germany"]
[Date "2018.02.04"]
[Round "7.6"]
[White "Rosenberger, Frank"]
[Black "Graf, Gerd"]
[Result "1/2-1/2"]
[WhiteElo "2110"]
[BlackElo "2231"]
[PlyCount "51"]
[EventDate "2017.10.22"]
[EventType "team-tourn"]
[EventCountry "GER"]
[WhiteTeam "Gernsheim SK"]
[BlackTeam "Frankfurt SC Koenig Nied"]
[WhiteTeamCountry "GER"]
[BlackTeamCountry "GER"]

1. e4 e6 2. d4 d5 3. Nc3 Bb4 4. exd5 exd5 5. Bd3 Nf6 6. Nge2 O-O 7. O-O c5 8.
dxc5 Bxc5 9. Bg5 Nc6 10. Nf4 Be6 11. Nfxd5 Bxd5 12. Nxd5 Qxd5 13. Bxf6 Qd6 14.
Qh5 g6 15. Qh4 Bd4 16. Bxd4 Nxd4 17. Qe4 Rfe8 18. Qxb7 Rab8 19. Qxa7 Rxb2 20.
Rad1 Qf4 21. Rde1 Rxe1 22. Rxe1 Nxc2 23. Bxc2 Rxc2 24. a4 Rd2 25. a5 Qb4 26.
Qe3 1/2-1/2

[Event "Oberliga Ost B 2017 2018"]
[Site "Germany"]
[Date "2018.02.04"]
[Round "7.7"]
[White "Prenzler, Daniel"]
[Black "Neumann, Martin"]
[Result "0-1"]
[WhiteElo "2166"]
[BlackElo "2049"]
[PlyCount "76"]
[EventDate "2017.10.22"]
[EventType "team-tourn"]
[EventCountry "GER"]
[WhiteTeam "Frankfurt SC Koenig Nied"]
[BlackTeam "Gernsheim SK"]
[WhiteTeamCountry "GER"]
[BlackTeamCountry "GER"]

1. Nf3 d5 2. c4 d4 3. d3 g6 4. g3 Bg7 5. Bg2 e5 6. O-O Ne7 7. e3 dxe3 8. fxe3
e4 9. dxe4 Qxd1 10. Rxd1 Nbc6 11. Na3 Bd7 12. Nb5 O-O-O 13. Rb1 a6 14. Nbd4 Bg4
15. Rd2 Nxd4 16. Nxd4 c5 17. Bf3 Bh3 18. Ne2 Nc6 19. Nf4 Ne5 20. Be2 Be6 21.
Rxd8+ Rxd8 22. Nd5 Bg4 23. Kf2 Bxe2 24. Kxe2 Nxc4 25. b3 Nd6 26. Kf3 Nxe4 27.
Kxe4 f5+ 28. Kf4 Rxd5 29. Bb2 Bh6+ 30. Kf3 Rd2 31. h4 Kd7 32. a3 Kc6 33. b4 c4
34. Bd4 Rd3 35. a4 Rb3 36. Rxb3 cxb3 37. Ke2 Bf8 38. Bc3 Bd6 0-1

[Event "Oberliga Ost B 2017 2018"]
[Site "Germany"]
[Date "2018.02.04"]
[Round "7.8"]
[White "Wenner, Frank"]
[Black "Haenisch, Uwe"]
[Result "0-1"]
[WhiteElo "2095"]
[BlackElo "2195"]
[PlyCount "136"]
[EventDate "2017.10.22"]
[EventType "team-tourn"]
[EventCountry "GER"]
[WhiteTeam "Gernsheim SK"]
[BlackTeam "Frankfurt SC Koenig Nied"]
[WhiteTeamCountry "GER"]
[BlackTeamCountry "GER"]

1. Nf3 f5 2. d4 g6 3. c4 Bg7 4. Nc3 d6 5. g3 c6 6. Bg2 Nf6 7. O-O O-O 8. Qc2
Qe8 9. d5 Na6 10. a3 Bd7 11. dxc6 bxc6 12. Rd1 Nc5 13. b4 Nce4 14. Bb2 Ng4 15.
Nxe4 Bxb2 16. Nxd6 exd6 17. Qxb2 Qe6 18. Rac1 Rae8 19. Rd2 Qf6 20. Rcd1 Qxb2
21. Rxb2 Be6 22. Rxd6 Bxc4 23. Nd4 Rd8 24. Rxd8 Rxd8 25. e3 Ne5 26. Rc2 Bd5 27.
Nxc6 Bxc6 28. Bxc6 Rd3 29. a4 Rd1+ 30. Kg2 Nd3 31. Bd5+ Kf8 32. Rc8+ Ke7 33.
Rh8 Ne1+ 34. Kf1 Nc2+ 35. Ke2 Rxd5 36. Rxh7+ Ke6 37. Rh4 Na3 38. Rh6 Kf6 39.
Rh7 a6 40. Rc7 Rd6 41. h4 Nb1 42. Rc2 Ke6 43. f3 Rb6 44. Rc4 Rd6 45. Rc2 Kd7
46. g4 Ke6 47. h5 gxh5 48. gxh5 Kf6 49. e4 f4 50. Rc5 Rd2+ 51. Ke1 Rb2 52. b5
Nd2 53. Rf5+ Kg7 54. Rxf4 axb5 55. axb5 Nc4 56. Rf5 Nd6 57. Rg5+ Kh7 58. Rg6
Nc4 59. Rg5 Kh6 60. Rc5 Na3 61. e5 Nxb5 62. f4 Nd4 63. Rc4 Nc2+ 64. Kd2 Na3+
65. Kc3 Rc2+ 66. Kd3 Rxc4 67. e6 Kg7 68. h6+ Kf6 0-1